Movies Quiz

Random Movies or Letter Quiz

Fantasy Movies A-Z Quiz Stats

Quiz not verified by Sporcle

Also try: LOUD MOVIE QUOTES!
Challenge
Share
Tweet
Embed
Score 0/22 Timer 06:00
0 Plays Today
Letter Movie % Correct
HHarry Potter
91.9%
LLord of the Rings
90.9%
XX-Men
90.9%
WThe Wizard of Oz
87.9%
JJumanji
82.8%
MThe Mummy
78.8%
UUnderworld
77.8%
DDaredevil
66.7%
FFantastic Four
62.6%
NNew Moon
61.6%
KKing Kong
59.6%
Letter Movie % Correct
GGhost Rider
57.6%
AAladdin
55.6%
TTroy
51.5%
BBeauty and the Beast
43.4%
CCharlie and the Chocolate Factory
42.4%
PPrince of Persia: Sands of Time
39.4%
EEragon
19.2%
IImmortals
17.2%
RRace to Witch Mountain
17.2%
SStardust
14.1%
OOpen Range
11.1%

You're not logged in!

Compare scores with friends on all Sporcle quizzes.
Join for Free
OR
Log In

You Might Also Like...

Show Comments

Extras

Created Sep 27, 2012ReportNominate
Tags:Letter Quiz, A-Z, fantasy, star

Top Quizzes Today


Score Distribution

Your Account Isn't Verified!

In order to create a playlist on Sporcle, you need to verify the email address you used during registration. Go to your Sporcle Settings to finish the process.

Report this User

Report this user for behavior that violates our Community Guidelines.

Details: